00728nam a22002057a 4500001001000000003000500010005001700015008004100032010001000073011001000083035001000093040000900103100003500112245014400147260004100291300003200332502009800364650004100462650001900503000019944CHAP20220329134330.0971013s1978 r 00010 d a18904 a19876 a23961 cCHAP00aAlvarado Torres, José Pablo. 0aConstrucción de un analizador de redes de flujo laminar mediante analogía eléctrico-hidráulica /cpor José Pablo Alvarado Torres. aMonterrey, N.L., :bEl autor,c1978. a35 h. :b: ilus. ; gráfs. aTesis (Ing. Agrónomo Fitotecnista) -- Univ. Autónoma de Nuevo León. Fac. de Agronomía14aAparatos e instrumentos cientificos.14aFlujo laminar.